Erzurum'dan ölümüne kadar Atatürk'le beraber / (Record no. 14176)

MARC details
000 -BAŞLIK
Sabit Uzunlukta Kontrol Alanı 00823nam a22002417a 4500
999 ## - SİSTEM KONTROL NUMARALARI (KOHA)
Koha Biblionumber 14176
Koha Biblioitemnumber 14176
003 - KONTROL NUMARASI IDENTIFIER
Denetim Alanı MIRAKIL
005 - SON İŞLEM TARİHİ VE ZAMANI
Denetim Alanı 20201111162302.0
008 - SABİT-BOY VERİ ELEMANLARI - GENEL BİLGİLER
Sabit Uzunlukta Kontrol Alanı 201111b tu ||||| |||| 00| 0 tur d
040 ## - KATALOGLAMA KAYNAK
Orijinal Kataloglama Ajansı TR-AnCHP
Metne Dönüştürmek Ajansı TR-AnCHP
041 ## - DİL KODU
Metin / Ses Parça Veya Ayrı Başlığın Dil Kodu tur
082 ## - DEWEY ONLU SINIFLANDIRMA NUMARASI
Sınıflandırma Numarası ATA 923.156
Ürün Numarası K25e 1986
100 1# - ANA GİRİŞ - KİŞİSEL İSİM
Kişisel Ad Kansu, Mazhar Müfit
245 ## - BAŞLIK TABLOSU
Başlık Erzurum'dan ölümüne kadar Atatürk'le beraber /
Sorumluluk Tablosu, Vb Mazhar Müfid Kansu.
250 ## - EDITION TABLOSU
Baskı Beyanı 2 bs.
260 ## - YAYIN, DAĞITIM, VB
Yayın, Dağıtım, Vb Yeri Ankara:
Yayıncı, Dağıtıcı, Vs Adı Türk Tarih Kurumu,
Yayın, Dağıtım, Vb Tarihi 1986.
300 ## - FİZİKSEL TANIM
Kapsam 2 c.:
Diğer Fiziksel Ayrıntıları fotg.;
Boyutlar 24 sm.
490 ## - SERİSİ TABLOSU
Seri Beyanı Atatürk Kültür, Dil ve Tarih Yüksek Kurumu;
-- Türk Tarih Kurumu Yayınları;
Hacim / Ardışık Tanımı XVI. Dizi-Sa.6
504 ## - KAYNAKÇA VB NOT
Kaynakça Vb Notu Dizin vardır.
600 14 - KONU KATMA GİRİŞ - KURUMSAL ADI
9 (RLIN) 1465
Kişisel Ad Atatürk, Gazi Mustafa Kemal
Bir Adıyla İlişkilendirilen Tarihler 1881-1938
Genel Alt Bölümü Yaşamöyküsü
600 14 - KONU KATMA GİRİŞ - KURUMSAL ADI
9 (RLIN) 1702
Kişisel Ad Kansu, Mazhar Müfit
Bir Adıyla İlişkilendirilen Tarihler 1872-1948
Genel Alt Bölümü Anılar
942 ## - EKLENDİ GİRİŞ ELEMANLARI (KOHA)
Sınıflandırma Veya Raf Düzeni Kaynak Dewey Decimal Classification
Koha Öğesi Türü Books
999 ## - SİSTEM KONTROL NUMARALARI (KOHA)
Koha Biblioitemnumber 14176
Holdings
Kalıcı Konum Mevcut Konum Edinme Tarihi Toplam Check-Out'Lar Tam Çağrı Numarası Barkod Tarih Son Görülme Kopya Sayısı İtibaren Geçerli Fiyatlar Sigara Kamu Notu Koha Öğesi Türü
CHP Kütüphanesi CHP Kütüphanesi 11/11/2020   ATA 923.156 K25e 1986 019703 11/11/2020 c.1 11/11/2020 Emine Başak Alkan Bağışıdır. Books
CHP Kütüphanesi CHP Kütüphanesi 11/11/2020   ATA 923.156 K25e 1986 019704 11/11/2020 c.2 11/11/2020 Emine Başak Alkan Bağışıdır. Books